[Event "5.Oldie Turnier"]
[Site "Klingenberg am Main"]
[Date "2009.04.18"]
[Round "1"]
[White "Amsterdam, Mephisto"]
[Black "D+ 8 MHz, Saitek"]
[Result "1-0"]
[WhiteElo "1943"]
[BlackElo "2034"]
[PlyCount "83"]
[EventDate "2009.04.18"]
[EventType "team-tourn"]
[EventCountry "GER"]

1. c4 e6 2. Nc3 d5 3. d4 Nf6 4. cxd5 exd5 5. e3 c6 6. Nf3 Bd6 7. Bd3 O-O 8. Ne5
Bxe5 9. dxe5 Ng4 10. h3 Nxe5 11. Bxh7+ Kxh7 12. Qh5+ Kg8 13. Qxe5 Re8 14. Qf4
d4 15. Nd1 d3 16. Bd2 Be6 17. O-O Nd7 18. Bc3 Nf6 19. Bxf6 Qxf6 20. Qxf6 gxf6
21. Nc3 Rad8 22. Rad1 Kf8 23. Rd2 Ke7 24. Rfd1 Bc4 25. b3 Ba6 26. Ne4 Rd5 27.
Rc1 Ra5 28. Nc5 Ra3 29. Rc3 Rd8 30. Nxa6 bxa6 31. Rxc6 Rd7 32. g4 Rb7 33. Rc3
Rd7 34. h4 Ke6 35. Kg2 Ke5 36. h5 Ra5 37. Rcxd3 Rxd3 38. Rxd3 Rxa2 39. h6 Rc2
40. Rd8 Rb2 41. h7 Ke6 42. h8=Q 1-0

[Event "5.Oldie Turnier"]
[Site "Klingenberg am Main"]
[Date "2009.04.18"]
[Round "1"]
[White "Brute Force, Saitek"]
[Black "Kishon Chesster, Fidelity"]
[Result "1-0"]
[WhiteElo "2062"]
[BlackElo "1873"]
[PlyCount "93"]
[EventDate "2009.04.18"]
[EventType "team-tourn"]
[EventCountry "GER"]

1. c4 c5 2. Nc3 Nc6 3. Nf3 g6 4. g3 Bg7 5. Bg2 Nf6 6. d4 cxd4 7. Nxd4 $15 O-O
$15 8. O-O Nxd4 9. Qxd4 d6 10. Qd3 a6 11. Be3 Bf5 12. Qd2 Qc7 13. b3 e5 14. Bg5
Be6 15. Rfd1 Ne8 16. Nd5 Bxd5 17. Qxd5 Rb8 18. Rac1 h6 19. Bd2 Nf6 20. Qa5 Qc5
21. Bb4 Qxa5 22. Bxa5 Ne8 23. Bb4 Bf6 24. c5 Bg5 25. e3 a5 26. Bxa5 dxc5 27.
Rxc5 f5 28. Rxe5 Nf6 29. h4 Ng4 30. Rb5 Bxe3 31. fxe3 Nxe3 32. Rd6 Nxg2 33.
Kxg2 f4 34. Kf3 fxg3+ 35. Kxg3 Kf7 36. Rbb6 g5 37. Rxh6 gxh4+ 38. Kxh4 Rg8 39.
Bc3 Ke8 40. Rh7 Kd8 41. Be5 Ra8 42. Rbxb7 Ke8 43. Bf6 Kf8 44. Rbf7+ Ke8 45.
Re7+ Kd8 46. Reg7+ Ke8 47. Rxg8# 1-0

[Event "5.Oldie Turnier"]
[Site "Klingenberg am Main"]
[Date "2009.04.18"]
[Round "1"]
[White "Explorer Pro, Mephisto"]
[Black "Polgar, Mephisto"]
[Result "1-0"]
[WhiteElo "2048"]
[BlackElo "1984"]
[PlyCount "97"]
[EventDate "2009.04.18"]
[EventType "team-tourn"]
[EventCountry "GER"]

1. c4 e5 2. Nc3 Nf6 3. Nf3 Nc6 4. g3 d5 5. cxd5 Nxd5 6. Bg2 Nb6 7. O-O Be7 8.
a4 Be6 9. a5 Nd5 10. a6 Rb8 11. axb7 Rxb7 12. Qa4 Qd7 13. Nxe5 Nxe5 14. Qxd7+
Kxd7 15. Nxd5 Bxd5 16. Bxd5 Rb5 17. Ba2 Bc5 18. e3 Nf3+ 19. Kg2 Ng5 20. Bc4 Rb4
21. b3 Rbb8 22. Ra5 Ne4 23. Bxf7 Rhf8 24. Bc4 Bb6 25. Ra2 Nd6 26. d4 Rbe8 27.
Ba3 g5 28. Rfa1 Rh8 29. Bd5 Rhf8 30. Rc1 Kd8 31. Bc5 Rf5 32. Bxb6 cxb6 33. Bf3
Re7 34. Rac2 Ref7 35. Ba8 Rb5 36. e4 Re7 37. Rc6 Rd7 38. e5 Ne8 39. Rc8+ Ke7
40. Bc6 Rxb3 41. Rxe8+ Kxe8 42. e6 Kd8 43. exd7 Rb2 44. Re1 Kc7 45. Re8 Kxc6
46. d8=Q a5 47. Re6+ Kb7 48. Qd5+ Ka6 49. Qc4+ 1-0

[Event "5.Oldie Turnier"]
[Site "Klingenberg am Main"]
[Date "2009.04.18"]
[Round "1"]
[White "Lyon 68020, Mephisto"]
[Black "Citrine, Novag"]
[Result "1/2-1/2"]
[WhiteElo "2140"]
[BlackElo "2049"]
[PlyCount "100"]
[EventDate "2009.04.18"]
[EventType "team-tourn"]
[EventCountry "GER"]

1. c4 c5 2. Nf3 Nf6 3. Nc3 d5 4. cxd5 Nxd5 5. e3 Nxc3 6. bxc3 g6 7. Bb5+ Nd7 8.
O-O Bg7 9. a4 O-O 10. d4 a6 11. Bd3 b6 12. Rb1 Bb7 13. Ng5 e5 14. Ne4 exd4 15.
cxd4 cxd4 16. Ba3 dxe3 17. Bxf8 exf2+ 18. Rxf2 Qxf8 19. Bc2 Bxe4 20. Bxe4 Rd8
21. Rd2 Qe7 22. Bb7 a5 23. Kh1 Bf6 24. Bc6 Ne5 25. Rxd8+ Qxd8 26. Bd5 h6 27.
Qd4 Kg7 28. Qe4 Qd6 29. g3 Ng4 30. Qf3 Ne3 31. Rb5 Qe5 32. Qe4 Qd4 33. Qxd4
Bxd4 34. Bc6 f5 35. Rb3 Kf6 36. Rd3 Ke5 37. h4 g5 38. hxg5 hxg5 39. Kh2 Kd6 40.
Bf3 Ke5 41. Bc6 Kd6 42. Bf3 Kc5 43. Rb3 Kd6 44. Rb5 Kd7 45. Be2 Ke6 46. Bd3
Ng4+ 47. Kg2 Ne5 48. Bc2 Kf6 49. Rd5 Bc5 50. Bb1 Bb4 1/2-1/2

[Event "5.Oldie Turnier"]
[Site "Klingenberg am Main"]
[Date "2009.04.18"]
[Round "1"]
[White "MM II, Mephisto"]
[Black "Diamond, Novag"]
[Result "0-1"]
[WhiteElo "1846"]
[BlackElo "2159"]
[PlyCount "72"]
[EventDate "2009.04.18"]
[EventType "team-tourn"]
[EventCountry "GER"]

1. Nf3 d5 2. d4 Nf6 3. c4 dxc4 4. e3 Bg4 5. Bxc4 e6 6. O-O Nbd7 7. Nc3 Bd6 8.
e4 e5 9. Qb3 Bxf3 10. Bxf7+ Kf8 11. gxf3 exd4 12. Nb5 Nc5 13. Qc4 Qd7 14. Nxd6
cxd6 15. b4 Qxf7 16. Qxf7+ Kxf7 17. bxc5 dxc5 18. e5 Nd7 19. Re1 Rae8 20. Bf4
Ke6 21. Re4 g5 22. Bxg5 Rhg8 23. h4 h6 24. f4 d3 25. Rd1 hxg5 26. hxg5 Kd5 27.
Ra4 c4 28. Rc1 Nxe5 29. fxe5 Rxg5+ 30. Kf1 Reg8 31. Ra5+ Ke6 32. Ke1 Rg1+ 33.
Kd2 Rxc1 34. Kxc1 Rg2 35. Kd2 Rxf2+ 36. Ke3 d2 0-1

[Event "5.Oldie Turnier"]
[Site "Klingenberg am Main"]
[Date "2009.04.18"]
[Round "1"]
[White "Miami 24 MHz, Mephisto"]
[Black "Designer 2325, Fidelity"]
[Result "0-1"]
[WhiteElo "2100"]
[BlackElo "2156"]
[PlyCount "84"]
[EventDate "2009.04.18"]
[EventType "team-tourn"]
[EventCountry "GER"]

1. e4 e5 2. Nc3 Nf6 3. f4 d5 4. fxe5 {Miami letzter Buchzug} Nxe4 5. Nxe4 dxe4
{Mach IV letzter Buchzug} 6. d4 Be7 7. Bc4 Nc6 8. c3 O-O 9. Qc2 Na5 10. Be2 Qd5
11. Be3 Bf5 12. c4 Bb4+ 13. Kf1 Qe6 14. a3 Be7 15. b4 Nc6 16. Rd1 Qg6 17. Qc3
Bg5 18. Bxg5 Qxg5 19. Nh3 Bxh3 20. Qxh3 Rad8 21. d5 Nxe5 22. Kg1 Rfe8 23. Qc3
Nd3 24. Bxd3 Qe3+ 25. Kf1 Rd6 26. Rd2 Rf6+ 27. Qxf6 gxf6 28. Re2 Qxd3 29. c5
Re5 30. h3 Rf5+ 31. Kg1 Qxe2 32. Kh2 Rf1 33. Rxf1 Qxf1 34. d6 cxd6 35. cxd6
Qf4+ 36. Kg1 Qxd6 37. b5 e3 38. b6 Qd4 39. g3 e2+ 40. Kg2 e1=Q 41. h4 Qdf2+ 42.
Kh3 Qxg3# {Black mates} 0-1

[Event "5.Oldie Turnier"]
[Site "Klingenberg am Main"]
[Date "2009.04.18"]
[Round "1"]
[White "Milano, Mephisto"]
[Black "Champion 2250XL, RadioShack"]
[Result "0-1"]
[WhiteElo "2022"]
[BlackElo "2118"]
[PlyCount "84"]
[EventDate "2009.04.18"]
[EventType "team-tourn"]
[EventCountry "GER"]

1. d4 c6 2. c4 d5 3. Nf3 e6 4. Nc3 Nf6 5. e3 Nbd7 6. Qc2 Bd6 7. Be2 O-O 8. O-O
Re8 9. Bd2 b5 10. cxb5 c5 11. dxc5 Nxc5 12. b4 Ncd7 13. a3 Rb8 14. e4 Nxe4 15.
Nxe4 dxe4 16. Qxe4 Bb7 17. Qe3 Bxf3 18. Qxf3 Qh4 19. g3 Qe7 20. Rac1 Red8 21.
Bc3 Nb6 22. Bd3 Rbc8 23. Rfe1 Nd5 24. Bd4 Rxc1 25. Rxc1 Bc7 26. Qh5 g6 27. Qh6
f6 28. Bxa7 Bxg3 29. Bc5 Bf4 30. Qh3 Bd6 31. Rc4 e5 32. Be4 Nf4 33. Qg4 f5 34.
Bxf5 h5 35. Qf3 gxf5 36. a4 Bxc5 37. Rxc5 Rd3 38. Qa8+ Kf7 39. Rc1 Ne2+ 40. Kh1
Nxc1 41. h3 Rxh3+ 42. Kg2 Rd3 0-1

[Event "5.Oldie Turnier"]
[Site "Klingenberg am Main"]
[Date "2009.04.18"]
[Round "1"]
[White "Monte Carlo IV LE, Mephisto"]
[Black "Turquoise, Novag"]
[Result "1/2-1/2"]
[WhiteElo "2006"]
[BlackElo "2021"]
[PlyCount "154"]
[EventDate "2009.04.18"]
[EventType "team-tourn"]
[EventCountry "GER"]

1. d4 Nf6 2. c4 e6 3. Nc3 Bb4 4. Qc2 d6 5. Nf3 O-O 6. e4 Bxc3+ 7. bxc3 Nc6 8.
Bg5 h6 9. Bh4 Re8 10. Bd3 e5 11. h3 exd4 12. Nxd4 Ne5 13. Be2 Ned7 14. f3 Nf8
$15 15. O-O Ng6 16. Bf2 Nf4 17. Rab1 Nxe2+ 18. Qxe2 Re5 19. Nb5 a6 20. Na7 Qd7
21. Bd4 Re6 22. Nxc8 Qxc8 23. c5 Nh5 24. Qb2 dxc5 25. Bxc5 b6 26. Bf2 Rg6 27.
Kh2 Rd6 28. Rfd1 Qf8 29. e5 Rxd1 30. Rxd1 Rd8 31. Rd4 Rxd4 32. cxd4 Nf4 33. Bg3
Nd5 34. Qc2 Qe8 35. a3 Qe6 36. f4 g6 37. Qc4 b5 38. Qc5 f5 39. h4 Kg7 40. Kg1
Kf7 41. Kf1 c6 42. Kg1 Ne7 43. Kh2 Qd5 44. Qd6 Qxd6 45. exd6 Nd5 46. h5 gxh5
47. Kh3 Ke6 48. Kh4 Nf6 49. d7 Kxd7 50. Be1 Ke6 51. Ba5 Ke7 52. Bb4+ Kf7 53.
Bd2 Ne4 54. Bb4 Kg6 55. g3 Kg7 56. Be1 Nf6 57. Ba5 Kg6 58. Bb4 Nd5 59. Bd2 Kg7
60. Be1 Ne3 61. Kxh5 Nd5 62. Ba5 Nf6+ 63. Kh4 Kf7 64. Bc7 Ke6 65. Bd8 Ne4 66.
Bb6 Kd5 67. g4 fxg4 68. Kxg4 Nd6 69. Bc5 a5 70. f5 h5+ 71. Kg5 Ne4+ 72. Kxh5
Nxc5 73. dxc5 b4 74. f6 Ke6 75. Kg6 b3 76. f7 b2 77. f8=Q b1=Q+ 1/2-1/2

[Event "5.Oldie Turnier"]
[Site "Klingenberg am Main"]
[Date "2009.04.18"]
[Round "1"]
[White "Polgar 25 MHz, Mephisto"]
[Black "Star Ruby, Novag"]
[Result "1-0"]
[WhiteElo "2127"]
[BlackElo "2036"]
[PlyCount "93"]
[EventDate "2009.04.18"]
[EventType "team-tourn"]
[EventCountry "GER"]

1. d4 d5 2. c4 dxc4 3. Nf3 Nf6 4. e3 Bg4 5. Bxc4 e6 6. h3 Bh5 7. O-O Nbd7 8.
Nc3 Bd6 9. e4 e5 10. Be2 O-O 11. dxe5 Nxe5 12. Nd4 c5 13. Nf5 Bxe2 14. Qxe2 Nc6
15. Be3 Ne7 16. Nxd6 Qxd6 17. Rad1 Qc6 18. Qd3 Ng6 19. f4 Rae8 20. e5 Nh5 21.
Kh2 Nh4 22. Qd5 Qg6 23. g4 Nf6 24. Qc4 Nxg4+ 25. hxg4 Qxg4 26. Qe2 Qxe2+ 27.
Nxe2 b6 28. Bf2 Nf5 29. Ng3 Nxg3 30. Kxg3 Rd8 31. Rfe1 Rfe8 32. Rd6 Rxd6 33.
exd6 Rxe1 34. Bxe1 Kf8 35. Kf3 Ke8 36. Ke4 Kd7 37. Kd5 g6 38. Bh4 h6 39. a4 a6
40. a5 bxa5 41. Kxc5 a4 42. Be7 a5 43. Bh4 a3 44. bxa3 a4 45. Kd5 h5 46. Bf6 h4
47. Bxh4 1-0

[Event "5.Oldie Turnier"]
[Site "Klingenberg am Main"]
[Date "2009.04.18"]
[Round "1"]
[White "Sapphire II, Novag"]
[Black "Amsterdam, Mephisto"]
[Result "1-0"]
[WhiteElo "2138"]
[BlackElo "1943"]
[PlyCount "122"]
[EventDate "2009.04.18"]
[EventType "team-tourn"]
[EventCountry "GER"]

1. e4 e5 2. Nf3 Nf6 3. Nxe5 d6 4. Nf3 Nxe4 5. Qe2 Qe7 6. d3 Nf6 7. Bg5 Qxe2+ 8.
Bxe2 Be7 9. Nc3 O-O $15 10. O-O-O Nc6 11. Rhe1 Be6 12. d4 Nd5 13. Nxd5 Bxd5 14.
Bf4 Bxa2 15. b3 Bf6 16. Kb2 Nb4 17. Bd2 a5 18. Bxb4 axb4 19. Ra1 Bxb3 20. Kxb3
c5 21. Bc4 b6 22. Rxa8 Rxa8 23. Bd5 Ra3+ 24. Kb2 g6 25. Re8+ Kg7 26. Kc1 cxd4
27. Kd2 d3 28. cxd3 Ra5 29. Bc4 d5 30. Bb3 g5 31. Ne5 Ra3 32. Kc2 Ra5 33. d4
Bxe5 34. Rxe5 f6 35. Re7+ Kg6 36. Rb7 Rb5 37. Ba4 Ra5 38. Kb3 Kf5 39. Rxb6 Ke4
40. Rxb4 Ra6 41. Kc3 h5 42. Bc2+ Kf4 43. Rb5 Rc6+ 44. Kd3 Rd6 45. Bb3 h4 46.
Bxd5 f5 47. Bc4 Rh6 48. Re5 Rf6 49. Re6 Rf8 50. d5 Rb8 51. d6 Rb1 52. Kd4 Rb7
53. Bd5 Ra7 54. Bc6 Ra2 55. d7 Rd2+ 56. Kc5 h3 57. g3+ Kg4 58. f3+ Kh5 59. Bd5
Rc2+ 60. Kd6 Rb2 61. d8=Q Rxh2 1-0

[Event "5.Oldie Turnier"]
[Site "Klingenberg am Main"]
[Date "2009.04.18"]
[Round "1"]
[White "Scorpio 68000, Novag"]
[Black "MM V + HG 550, Mephisto"]
[Result "1-0"]
[WhiteElo "2059"]
[BlackElo "1974"]
[PlyCount "91"]
[EventDate "2009.04.18"]
[EventType "team-tourn"]
[EventCountry "GER"]

1. e4 c6 2. c4 d5 3. exd5 cxd5 4. d4 Nf6 5. Nc3 Nc6 6. Bg5 Qa5 7. Bxf6 exf6 8.
cxd5 Bb4 9. Qd2 Bxc3 10. bxc3 Qxd5 11. Ne2 Be6 12. Nf4 Qe4+ 13. Kd1 g5 14. Nd3
O-O-O 15. Nc5 Qd5 16. Qd3 Bf5 17. Qd2 Rhe8 18. Kc1 g4 19. Qf4 Re1+ 20. Kb2 Rxa1
21. Kxa1 Ne7 22. Qh6 Re8 23. Qxf6 Ng8 24. Qg5 Re1+ 25. Kb2 f6 26. Qh5 Rb1+ 27.
Ka3 Kd8 28. f3 Rc1 29. c4 Qxd4 30. Qxf5 Rc3+ 31. Kb4 a5+ 32. Kb5 Qd2 33. Nxb7+
Ke8 34. Qxh7 Kf8 35. Nc5 Qb2+ 36. Kc6 Ne7+ 37. Kc7 Nd5+ 38. Kd6 Qb6+ 39. Kxd5
Qd8+ 40. Nd7+ Ke8 41. Kd6 Qxd7+ 42. Qxd7+ Kf8 43. Ke6 Re3+ 44. Kxf6 Rxf3+ 45.
gxf3 gxf3 46. Qc8# 1-0

[Event "5.Oldie Turnier"]
[Site "Klingenberg am Main"]
[Date "2009.04.18"]
[Round "1"]
[White "Super Expert B 6 MHz, Novag"]
[Black "Dallas 68020, Mephisto"]
[Result "1-0"]
[WhiteElo "2035"]
[BlackElo "2093"]
[PlyCount "95"]
[EventDate "2009.04.18"]
[EventType "team-tourn"]
[EventCountry "GER"]

1. e4 e6 2. d4 d5 3. Nd2 c5 4. exd5 exd5 5. Bb5+ Nc6 6. Ngf3 Bd6 7. O-O Nge7 8.
dxc5 Bxc5 9. Nb3 Bb6 10. Re1 O-O 11. Be3 Bxe3 12. Rxe3 Bg4 13. h3 Bh5 14. Bxc6
bxc6 15. Re5 Bxf3 16. Qxf3 Ng6 17. Re3 Qg5 18. Rae1 Rab8 19. Qd1 Nf4 20. Qf3
Ne6 21. Re5 Qh4 22. Kh1 Qc4 23. Qd3 Rb6 24. Qf5 g6 25. Qd3 Qa4 26. a3 Qf4 27.
Qe2 Rfb8 28. Kg1 R6b7 29. Qa6 Rc7 30. Qd3 Rd7 31. Qc3 Rd6 32. Nc5 Re8 33. Nb7
d4 34. Qc4 Rd5 35. Rxd5 cxd5 36. Qc6 Rb8 37. Nc5 Nxc5 38. Qxc5 Rxb2 39. Re8+
Kg7 40. g3 Qc1+ 41. Kg2 Rxc2 42. Qxd4+ Kh6 43. Rg8 Kg5 44. Qe5+ Kh6 45. Qf6 Qg5
46. Qg7+ Kh5 47. g4+ Qxg4+ 48. hxg4+ 1-0

[Event "5.Oldie Turnier"]
[Site "Klingenberg am Main"]
[Date "2009.04.18"]
[Round "2"]
[White "Academy, Mephisto"]
[Black "Diamond, Novag"]
[Result "0-1"]
[WhiteElo "2023"]
[BlackElo "2159"]
[PlyCount "106"]
[EventDate "2009.04.18"]
[EventType "team-tourn"]
[EventCountry "GER"]

1. d4 Nf6 2. c4 e6 3. Nc3 Bb4 4. e3 O-O 5. Nge2 d5 6. a3 Be7 7. cxd5 exd5 8. g3
c6 9. Bg2 a5 10. b3 Bf5 11. f3 Nbd7 12. e4 dxe4 13. fxe4 Bg4 14. O-O Qb6 15.
Bf4 Nh5 16. Be3 f5 17. Qc2 Rae8 18. h3 Bxe2 19. Nxe2 fxe4 20. Rxf8+ Bxf8 21.
Bxe4 Ndf6 22. Qc4+ Kh8 23. Qf7 Qd8 24. Bf3 Rxe3 25. Bxh5 Nxh5 26. Kf2 Qe8 27.
Qxe8 Rxe8 28. g4 Nf6 29. a4 Ne4+ 30. Kg2 Bb4 31. Rh1 Rf8 32. Rf1 Rxf1 33. Kxf1
b6 34. Nc1 Ba3 35. Nd3 Nd2+ 36. Ke2 Nxb3 37. Ke3 Bd6 38. Ne5 Bxe5 39. dxe5 Kg8
40. g5 Kf7 41. h4 Ke6 42. Kd3 Kxe5 43. Kc4 Nc5 44. Kc3 g6 45. Kc4 Nxa4 46. Kb3
b5 47. Kc2 c5 48. Kd2 b4 49. Kc1 b3 50. Kd2 Kd4 51. Kd1 Kc3 52. Ke2 b2 53. Kf3
b1=Q 0-1

[Event "5.Oldie Turnier"]
[Site "Klingenberg am Main"]
[Date "2009.04.18"]
[Round "2"]
[White "Champion 2250XL, RadioShack"]
[Black "Super Expert B 6 MHz, Novag"]
[Result "0-1"]
[WhiteElo "2118"]
[BlackElo "2035"]
[PlyCount "80"]
[EventDate "2009.04.18"]
[EventType "team-tourn"]
[EventCountry "GER"]

1. e4 e5 2. Nc3 Nf6 3. f4 d5 4. fxe5 Nxe4 5. Nxe4 dxe4 6. Qh5 g6 7. Qe2 Qd4 8.
e6 Bxe6 9. Qb5+ Qd7 10. Qe5 Rg8 11. Qxe4 Nc6 12. Bb5 O-O-O 13. Bxc6 bxc6 14.
Ne2 Re8 15. Qd4 Bg4 16. O-O Rxe2 17. Qxd7+ Bxd7 18. Rd1 Bc5+ 19. d4 Bb6 20. a4
Rxc2 21. a5 Bg4 22. axb6 Bxd1 23. bxa7 Kb7 24. Bf4 Be2 25. Bxc7 Ra8 26. Bb8
Rxb2 27. Re1 h6 28. h3 f5 29. h4 g5 30. hxg5 hxg5 31. Kh1 Kc8 32. Rc1 Kd7 33.
Kh2 Bf3 34. Rg1 Rd2 35. Kh1 Bd5 36. Kh2 f4 37. Kh3 Rxd4 38. Kg4 f3+ 39. Kxg5
fxg2 40. Kf6 Rh4 0-1

[Event "5.Oldie Turnier"]
[Site "Klingenberg am Main"]
[Date "2009.04.18"]
[Round "2"]
[White "Citrine, Novag"]
[Black "Monte Carlo IV LE, Mephisto"]
[Result "0-1"]
[WhiteElo "2049"]
[BlackElo "2006"]
[PlyCount "126"]
[EventDate "2009.04.18"]
[EventType "team-tourn"]
[EventCountry "GER"]

1. e4 e5 2. Nf3 Nc6 3. Bb5 a6 4. Ba4 Nf6 5. O-O Nxe4 6. d4 b5 7. Bb3 d5 8. dxe5
Be6 9. c3 Be7 10. Be3 Bc5 11. Bxc5 Nxc5 12. Bc2 Bg4 13. Nbd2 O-O 14. h3 Bh5 15.
Qb1 Bg6 16. Bxg6 hxg6 17. Re1 Re8 18. Qc2 Qd7 19. Rad1 Rad8 20. Nb3 Nxb3 21.
axb3 a5 22. Qe2 b4 23. Rd2 Qe6 24. Nd4 Nxd4 25. cxd4 Qb6 26. Rc1 Re6 27. Qe3
Rc6 28. Rdc2 Rxc2 29. Rxc2 Rb8 30. Kf1 Re8 31. Qd3 Rf8 32. Ke2 Rb8 33. Rc1 Rd8
34. Kf3 Ra8 35. Kf4 Re8 36. Qe3 f6 37. Kf3 fxe5 38. dxe5 d4 39. Qe4 d3 40. Qd5+
Kh8 41. Rc6 Rf8+ 42. Ke4 Qxf2 43. Kxd3 Rf4 44. Rxc7 Kh7 45. Rc1 Qxb2 46. Rc2
Qa1 47. Ke3 Rf5 48. Ke4 Qe1+ 49. Kd3 Rxe5 50. Qf3 Rf5 51. Qg4 Rd5+ 52. Kc4 Re5
53. Qf3 Rf5 54. Qc6 Qe3 55. h4 Qg3 56. Rc1 Qxh4+ 57. Kd3 Qg3+ 58. Kc4 Rh5 59.
Rc2 Qe3 60. g3 Qxg3 61. Rc1 Qe3 62. Qh1 Kh6 63. Qxh5+ gxh5 0-1

[Event "5.Oldie Turnier"]
[Site "Klingenberg am Main"]
[Date "2009.04.18"]
[Round "2"]
[White "Designer 2325, Fidelity"]
[Black "Brute Force, Saitek"]
[Result "0-1"]
[WhiteElo "2156"]
[BlackElo "2062"]
[PlyCount "64"]
[EventDate "2009.04.18"]
[EventType "team-tourn"]
[EventCountry "GER"]

1. e4 c6 2. d4 d5 3. Nc3 dxe4 4. Nxe4 Nf6 5. Nxf6+ gxf6 6. c3 Bg7 7. Bc4 e5 8.
Be3 O-O 9. Ne2 Be6 10. Bxe6 fxe6 11. Qb3 Qd5 12. Qxb7 Nd7 13. c4 Qd6 14. Rd1
Rfb8 15. Qa6 Rxb2 16. dxe5 Qb4+ 17. Bd2 Rxd2 18. Rxd2 Nc5 19. Qxc6 Nd3+ 20. Kf1
Qxd2 21. Qxa8+ Bf8 22. g3 Qe1+ 23. Kg2 Qxf2+ 24. Kh3 Qxe2 25. Kh4 Nf2 26. h3
Qxe5 27. g4 Nxh1 28. Qxh1 Bd6 29. Qa8+ Kg7 30. Qxa7+ Kg6 31. Qe3 Qg5+ 32. Qxg5+
fxg5# 0-1

[Event "5.Oldie Turnier"]
[Site "Klingenberg am Main"]
[Date "2009.04.18"]
[Round "2"]
[White "Explorer Pro, Mephisto"]
[Black "Scorpio 68000, Novag"]
[Result "1-0"]
[WhiteElo "2048"]
[BlackElo "2059"]
[PlyCount "133"]
[EventDate "2009.04.18"]
[EventType "team-tourn"]
[EventCountry "GER"]

1. d4 Nf6 2. Nf3 d5 3. c4 dxc4 4. e3 Be6 5. Qc2 Nc6 6. Bxc4 Bxc4 7. Qxc4 e6 8.
O-O Nd5 9. Qb5 a6 10. Qb3 Bd6 11. Nc3 O-O 12. Nxd5 exd5 13. Bd2 Qd7 14. Rac1
Rab8 15. Rc2 Qf5 16. Bc3 Ne7 17. Rfc1 Qd3 18. a3 c6 19. Rd2 Qe4 20. Bb4 Bc7 21.
Bc5 Rfe8 22. Ba7 Ra8 23. Qxb7 Bd6 24. Rdc2 a5 25. Rc3 a4 26. R1c2 Qg4 27. b4
axb3 28. Rxb3 Rac8 29. Qa6 Qg6 30. Qe2 Nf5 31. Bb6 Rb8 32. a4 Bc7 33. a5 Re6
34. Rcb2 Bd6 35. a6 Ree8 36. a7 Ra8 37. Qd3 Qe6 38. Qc3 Qe7 39. Ra2 Qd7 40. Bc5
Bxc5 41. Qxc5 f6 42. Rc3 Re7 43. Ra4 Kh8 44. Qxc6 Qxc6 45. Rxc6 Rb7 46. h3 Ne7
47. Rd6 Kg8 48. Rda6 Nc8 49. R4a5 Rd7 50. Kf1 Nxa7 51. Nh4 Kf7 52. Nf5 Kf8 53.
Ke2 h6 54. Kd3 h5 55. g4 hxg4 56. hxg4 Rc7 57. f3 Kg8 58. Rxd5 g6 59. Nh4 g5
60. Nf5 Re8 61. Rxf6 Nc6 62. Rg6+ Kh7 63. Rdd6 Nb4+ 64. Ke2 Rc2+ 65. Kf1 Rh2
66. Kg1 Rh4 67. Rxg5 1-0

[Event "5.Oldie Turnier"]
[Site "Klingenberg am Main"]
[Date "2009.04.18"]
[Round "2"]
[White "Kishon Chesster, Fidelity"]
[Black "Milano, Mephisto"]
[Result "0-1"]
[WhiteElo "1873"]
[BlackElo "2022"]
[PlyCount "114"]
[EventDate "2009.04.18"]
[EventType "team-tourn"]
[EventCountry "GER"]

1. d4 d5 2. c4 e6 3. Nc3 Nf6 4. Bg5 Be7 5. e3 O-O 6. Nf3 h6 7. Bh4 b6 8. cxd5
Nxd5 9. Bxe7 Qxe7 10. Nxd5 exd5 11. Rc1 Be6 12. Bd3 c5 13. dxc5 bxc5 14. O-O
Nd7 15. e4 dxe4 16. Bxe4 Rab8 17. b3 Nf6 18. Bd3 Rfd8 19. Re1 Qd6 20. Bc4 Qxd1
21. Rexd1 Rxd1+ 22. Rxd1 Bxc4 23. bxc4 Rb2 24. a4 Ne4 25. Ne5 Nc3 26. Rd8+ Kh7
27. f3 Nxa4 28. Nxf7 Nb6 29. Rh8+ Kg6 30. Ne5+ Kf6 31. Nd3 Ra2 32. Nxc5 Nxc4
33. Ne4+ Kf5 34. Rg8 g5 35. Rf8+ Kg6 36. Rf6+ Kg7 37. Rc6 Ne3 38. g3 Rg2+ 39.
Kh1 a5 40. Rc7+ Kf8 41. Rc8+ Ke7 42. Rc7+ Kd8 43. Rh7 Rc2 44. Kg1 Nf5 45. Nf6
Rd2 46. Ng4 a4 47. Nxh6 Nxh6 48. Rxh6 a3 49. Ra6 a2 50. Ra8+ Kc7 51. h4 gxh4
52. Kf1 hxg3 53. f4 Kc6 54. Rc8+ Kd5 55. Rc1 Rb2 56. Ra1 Rb1+ 57. Kg2 Rxa1 0-1

[Event "5.Oldie Turnier"]
[Site "Klingenberg am Main"]
[Date "2009.04.18"]
[Round "2"]
[White "MM II, Mephisto"]
[Black "MM V + HG 550, Mephisto"]
[Result "1/2-1/2"]
[WhiteElo "1846"]
[BlackElo "1974"]
[PlyCount "92"]
[EventDate "2009.04.18"]
[EventType "team-tourn"]
[EventCountry "GER"]

1. e4 e6 2. d4 d5 3. e5 c5 4. c3 Nc6 5. Nf3 Qb6 6. a3 c4 7. g3 f6 8. Bg2 fxe5
9. dxe5 Bc5 10. O-O Nge7 11. Nbd2 O-O 12. b4 cxb3 13. Nxb3 Ng6 14. Nxc5 Qxc5
15. Qe1 Rf5 16. g4 Rf8 17. Be3 Qc4 18. Bd4 b5 19. Nd2 Qa4 20. Nf3 Rf4 21. h3 a5
22. Qe2 Ba6 23. Rfb1 b4 24. Qd2 bxa3 25. Rb6 Re4 26. Qc1 a2 27. Ng5 Nxd4 28.
cxd4 Rc8 29. Qd1 Qxd1+ 30. Rxd1 Rxd4 31. Ra1 Rb4 32. Rxb4 axb4 33. Rxa2 Rc6 34.
Nxe6 b3 35. Rd2 Rxe6 36. Bxd5 Nf4 37. Bxb3 Bb5 38. Bxe6+ Nxe6 39. Rd1 Nf4 40.
Kh2 Nd3 41. e6 Kf8 42. Kg3 Ke7 43. Rb1 Bc6 44. Rd1 Bb5 45. Rb1 Bc6 46. Rd1 Bb5
1/2-1/2

[Event "5.Oldie Turnier"]
[Site "Klingenberg am Main"]
[Date "2009.04.18"]
[Round "2"]
[White "Polgar, Mephisto"]
[Black "Miami 24 MHz, Mephisto"]
[Result "1-0"]
[WhiteElo "1984"]
[BlackElo "2100"]
[PlyCount "217"]
[EventDate "2009.04.18"]
[EventType "team-tourn"]
[EventCountry "GER"]

1. e4 c6 2. d4 d5 3. Nc3 dxe4 4. Nxe4 Bf5 5. Ng3 Bg6 6. h4 h6 {Miami letzter
Buchzug} 7. h5 Bh7 8. Nf3 {Polgar letzter Buchzug} e6 9. Bf4 Nf6 10. Bc4 Nd5
11. Bxd5 cxd5 12. c3 Nc6 13. Qb3 Qd7 14. Ne5 Nxe5 15. Bxe5 f6 16. Bf4 Bd3 17.
Qd1 Bc4 18. Qc2 O-O-O 19. b3 Ba6 20. Ne2 Re8 21. Be3 Bd6 22. a4 Qc6 23. a5 Bxe2
24. Kxe2 Re7 25. c4 e5 26. Qf5+ Kb8 27. c5 exd4 28. cxd6 Qxd6 29. Rh3 dxe3 30.
Rxe3 Rxe3+ 31. fxe3 d4 32. Qf4 d3+ 33. Kd2 Rd8 34. Rc1 Qxf4 35. exf4 Rd5 36.
Rh1 a6 37. Rh3 Rxa5 38. Kxd3 Rd5+ 39. Ke4 Rd2 40. Rg3 Rd7 41. Rc3 Rd6 42. g4 b6
43. Rc1 Kb7 44. Rc3 Rd8 45. Rc1 Rd2 46. Rc3 Rf2 47. Ke3 Rh2 48. Ke4 Rb2 49. Kf5
Re2 50. Rd3 Kc7 51. Rc3+ Kd7 52. Rd3+ Ke7 53. Kg6 Rg2 54. Kxg7 Rxg4+ 55. Kxh6
Rxf4 56. Kh7 Rh4 57. h6 f5 58. Kg6 f4 59. Rf3 Ke6 60. Kg5 Rh1 61. Rxf4 Kd5 $4
62. Rh4 Rg1+ 63. Kf6 Rg8 64. h7 Rh8 65. Kg7 Re8 66. h8=Q Rxh8 67. Rxh8 Kc5 68.
Kf6 Kb4 69. Rh3 Kc5 70. Ke5 b5 71. Rh4 a5 72. Rd4 Kc6 73. Rf4 Kc5 74. Rh4 Kc6
75. Rg4 Kc5 76. Rf4 Kc6 77. Rd4 Kc5 78. Rg4 Kc6 79. Ke6 Kc5 80. Rf4 Kc6 81. Rd4
Kc5 82. Re4 Kc6 83. Kf6 Kd5 84. Re5+ Kc6 85. Re1 a4 86. Rc1+ Kb6 87. b4 Ka6 88.
Rc3 Kb6 89. Ke5 Kb7 90. Kd5 Kb6 91. Rc5 a3 92. Rc3 a2 93. Ra3 Kc7 94. Kc5 a1=Q
95. Rxa1 Kd7 96. Kxb5 Ke6 97. Kc6 Ke5 98. b5 Kd4 99. Re1 Kc3 100. Kd5 Kd2 101.
Rh1 Ke3 102. b6 Kf3 103. b7 Kg2 104. Ra1 Kf3 105. b8=Q Kg4 106. Rg1+ Kf3 107.
Qg3+ Ke2 108. Ke4 Kd2 109. Qd3# {White mates} 1-0

[Event "5.Oldie Turnier"]
[Site "Klingenberg am Main"]
[Date "2009.04.18"]
[Round "2"]
[White "Sapphire II, Novag"]
[Black "Polgar 25 MHz, Mephisto"]
[Result "0-1"]
[WhiteElo "2138"]
[BlackElo "2127"]
[PlyCount "111"]
[EventDate "2009.04.18"]
[EventType "team-tourn"]
[EventCountry "GER"]

1. d4 d5 2. c4 dxc4 3. e4 Nf6 4. e5 Nd5 5. Bxc4 Nb6 6. Bb3 Bf5 7. Nc3 Nc6 8.
Nf3 e6 9. O-O Bg4 10. Be3 Rb8 11. Ne4 Bxf3 12. gxf3 Be7 13. Rc1 O-O 14. Nc5 Qc8
15. Qd3 Rd8 16. Qe4 Nd5 17. Rfe1 b6 18. Nd3 Na5 19. Bxd5 exd5 20. Qg4 c6 21.
Qxc8 Rdxc8 22. Bf4 c5 23. dxc5 bxc5 24. Be3 c4 25. Nf4 Rxb2 26. Nxd5 Bh4 27.
Bxa7 Rxa2 28. Ra1 Rxa1 29. Rxa1 Nc6 30. f4 Ra8 31. Ra6 Nxa7 32. Nb6 Rd8 33.
Rxa7 c3 34. Kg2 Rd1 35. Ra8+ Bd8 36. Nc4 c2 37. Nd6 g6 38. Rxd8+ Kg7 39. Ne8+
Kh6 40. Rc8 c1=Q 41. Rxc1 Rxc1 42. Kf3 Rh1 43. Nd6 Kg7 44. f5 Rxh2 45. Ke3 h5
46. fxg6 Kxg6 47. f4 Ra2 48. f5+ Kg5 49. f6 Kg6 50. Kf3 Ra5 51. Kf4 h4 52. e6
fxe6 53. f7 Kg7 54. Kg4 Rd5 55. Ne4 Kxf7 56. Nf2 0-1